Maailman valtiot minuutissa - Statistics

Yleistilastot
  • Tätä visaa on pelattu 1 750 kertaa
  • Keskiarvotulos 30 / 196
Vastaukset kartalla
Vastauksille on annettu kartalla punavihreä väri sen mukaan, kuinka moni on saanut sen oikein.
 
Vastaustilastot
Valtio % Oikein
Suomi
94%
Ruotsi
89%
Norja
81%
Yhdysvallat
80%
Venäjä
78%
Kanada
76%
Kiina
72%
Ranska
71%
Saksa
70%
Tanska
69%
Viro
68%
Espanja
63%
Islanti
60%
Latvia
60%
Liettua
58%
Meksiko
57%
Intia
54%
Italia
51%
Brasilia
50%
Irlanti
50%
Puola
50%
Japani
49%
Australia
47%
Portugali
40%
Ukraina
36%
Peru
32%
Chile
31%
Iran
30%
Irak
29%
Egypti
27%
Argentiina
26%
Kreikka
26%
Mongolia
26%
Turkki
25%
Yhdistynyt kuningaskunta
24%
Mali
23%
Oman
22%
Belgia
21%
Alankomaat
20%
Jemen
19%
Kongon demokraattinen tasavalta
19%
Kongon tasavalta
19%
Togo
19%
Malta
18%
Sveitsi
18%
Tšad
18%
Tšekki
18%
Algeria
17%
Libya
17%
Niger
17%
Itävalta
16%
Sudan
16%
Unkari
16%
Slovakia
15%
Benin
14%
Indonesia
14%
Marokko
14%
Nigeria
14%
Panama
14%
Romania
14%
Thaimaa
14%
Laos
13%
Nepal
13%
Slovenia
13%
Valko-Venäjä
13%
Bolivia
12%
Kolumbia
12%
Kuuba
12%
Nauru
12%
Serbia
12%
Kenia
11%
Monaco
11%
Somalia
11%
Tonga
11%
Andorra
10%
Haiti
10%
Israel
10%
Kroatia
10%
Moldova
10%
Pakistan
10%
Syyria
10%
Taiwan
10%
Vatikaanivaltio
10%
Vietnam
10%
Albania
9%
Bulgaria
9%
Etiopia
9%
Kazakstan
9%
Kosovo
9%
Palau
9%
San Marino
9%
Tunisia
9%
Tuvalu
9%
Uusi-Seelanti
9%
Angola
8%
Bhutan
8%
Etelä-Afrikka
8%
Fidži
8%
Jamaika
8%
Kypros
8%
Madagaskar
8%
Samoa
8%
Saudi-Arabia
8%
Bosnia ja Hertsegovina
7%
Ecuador
7%
Ghana
7%
Malesia
7%
Namibia
7%
Papua-Uusi-Guinea
7%
Qatar
7%
Vanuatu
7%
Etelä-Korea
6%
Mauritania
6%
Paraguay
6%
Sri Lanka
6%
Uruguay
6%
Venezuela
6%
Belize
5%
Gabon
5%
Gambia
5%
Guinea
5%
Honduras
5%
Malawi
5%
Afganistan
4%
Bahama
4%
Bahrain
4%
Brunei
4%
Filippiinit
4%
Guatemala
4%
Guyana
4%
Kiribati
4%
Kuwait
4%
Lesotho
4%
Libanon
4%
Liechtenstein
4%
Luxemburg
4%
Montenegro
4%
Myanmar
4%
Pohjois-Makedonia
4%
Ruanda
4%
Sambia
4%
Senegal
4%
Tansania
4%
Uganda
4%
Armenia
3%
Dominica
3%
El Salvador
3%
Eritrea
3%
Etelä-Sudan
3%
Georgia
3%
Jordania
3%
Liberia
3%
Nicaragua
3%
Pohjois-Korea
3%
Suriname
3%
Yhdistyneet arabiemiraatit
3%
Antigua ja Barbuda
2%
Bangladesh
2%
Barbados
2%
Botswana
2%
Costa Rica
2%
Guinea-Bissau
2%
Itä-Timor
2%
Kambodža
2%
Kamerun
2%
Kirgisia
2%
Malediivit
2%
Mauritius
2%
Mikronesia
2%
Mosambik
2%
Saint Lucia
2%
São Tomé ja Príncipe
2%
Singapore
2%
Swazimaa
2%
Azerbaidžan
1%
Burkina Faso
1%
Burundi
1%
Djibouti
1%
Dominikaaninen tasavalta
1%
Grenada
1%
Kap Verde
1%
Keski-Afrikan tasavalta
1%
Komorit
1%
Marshallinsaaret
1%
Norsunluurannikko
1%
Päiväntasaajan Guinea
1%
Saint Kitts ja Nevis
1%
Saint Vincent ja Grenadiinit
1%
Salomoninsaaret
1%
Seychellit
1%
Sierra Leone
1%
Tadžikistan
1%
Trinidad ja Tobago
1%
Turkmenistan
1%
Uzbekistan
1%
Zimbabwe
1%
Ehtoja vastaavia visoja ei löytynyt
Tulosjakauma
Jokaisen tuloksen saaneiden osuus
Persentiili vastausten määrän mukaan
Tuloshistoriasi
Et ole pelannut tätä visaa